000 00389nam a2200145Ia 4500
008 211118s9999||||xx |||||||||||||| ||und||
082 _a894.8121
_bAYY-C
100 _aAyyappan, A
245 0 _aChirakukal Kondoru Koodu
260 _bD c Books
_aKottayam
_c2003
300 _a60p.
630 _xGeneral Stack
650 _aMalayalam Literature
_vMalayalam PoetryGeneralia
942 _cBOOK
999 _c103663
_d103663